| 000 | 01230nam a2200313 i 4500 | ||
|---|---|---|---|
| 003 | EG-ScBUE | ||
| 005 | 20240404101353.0 | ||
| 008 | 180422s2008 cc a f 000 0 mul d | ||
| 040 |
_aEG-ScBUE _beng _erda _cEG-ScBUE _dEG-ScBUE |
||
| 041 | 0 |
_achi _aeng |
|
| 043 | _aa-cc--- | ||
| 082 | 0 | 4 |
_a951 _bCHI _222 |
| 110 | 2 |
_aThe Organizing committee of the China international friendship and culture festival, _eauthor. |
|
| 245 | 1 | 0 |
_a中国国际友谊和文化节 = _bChina international friendship and culture festival / _cThe Organizing committee of the China international friendship and culture festival. |
| 246 | 3 | 1 | _aChina international friendship and culture festival |
| 264 | 1 |
_aBeijing : _bFive Continents Wind Culture & Art Center, _c2008. |
|
| 300 |
_a192 pages : _bcolor illustrations ; _c28 cm |
||
| 336 |
_2rdacontent _atext _btxt |
||
| 337 |
_aunmediated _2rdamedia _bn |
||
| 338 |
_avolume _bnc _2rdacarrier |
||
| 546 | _aText in Chinese and English. | ||
| 650 | _2BUEsh | ||
| 651 | 7 |
_aChina _xCivilization. _2BUEsh _923257 |
|
| 651 | 7 |
_aChina _xSocial life and customs. _2BUEsh |
|
| 653 |
_bGGEN _cApril2018 |
||
| 655 | _vReading book | ||
| 942 |
_2ddc _cBB |
||
| 999 |
_c26563 _d26535 |
||